000 01521nam0a22003131 4500
001 rc\4823743
005 20250612224903.0
021 _aRU
_b[57-42752]
035 _a(NLR Aleph) 008884192
090 _a8601077
_c8601077
100 _a20130426d1957 |||y0rusy50 ca
101 1 _arus
_ceng
102 _aRU
105 _aab z |||||
200 1 _aИнженерный анализ последствий землетрясений 1952 г. в Южной Калифорнии
_fПер. с англ. и ред. канд. техн. наук В.А. Быховского
210 _aМосква
_cГосстройиздат
_d1957
215 _a270 с., 4 л. карт.
_cил., карт.
_d27
300 _aНа обороте тит. л.: Karl V. Steinbrugge and Donald F. Moran. An engineering study of the Southern California earthquake of july 21, 1952, and its aftershocks. "Bull. of the Seismological society of America", 1954, vol. 44, № 2b
517 0 _aAn engineering study of the Southern California earthquake of july 21, 1952, and its aftershocks
606 _aЗемлетрясения
_yСША
_2psbo
606 _aСейсмические волны
_xДействие на сооружения и грунты
_2psbo
700 1 _aШтейнбругге
_bК.В.
_gКарл В.
701 1 _aМоран
_bД.Ф.
_gДональд Ф.
702 1 _aБыховский
_bВ.А.
_4730
_4340
801 0 _aRU
_bNLR
_gpsbo
801 1 _aRU
_bELAR
_2rusmarc
852 _aNLR
_j57-7/1734
942 _cBOOK
980 _aNB